000 03554njm0a2200577 4500
001 RU\NLR\ONIZ\308991
005 20260409004039.0
035 _a(NLR Aleph) 022774355
071 0 0 _a2-64806
071 0 0 _a2-64807
071 0 0 _aX 2-64806:0
071 0 0 _aX2-64807:
071 1 0 _a16037b
071 1 0 _a16038b
090 _a13651961
_c13651961
100 _a20180917d1911 u y0rusy50 ca
102 _aRU
126 _aadaxdxu ux
_bxxx
127 _a000700
145 0 _aa
200 1 _aПасха
_bЗвукозапись
_f[муз.] Смоленскаго
203 _aмузыка
_bисполнительская
_cаудио
210 _aS. l.
_cZonophone record
_d[1911]
_gО-во Граммофонъ съ огр. отв.
_eРига
215 _a1 грп. (ок. 7 мин) : 78 об/мин, моно
_d25 см, в конв.
300 _a№ заказа X 2-64806
300 _aЗапись 19.10.1911 г., Москва
300 _aИнж. звукозап. Ф. Гайсберг
300 _aДата записи установл. по кат. А. Келли
423 0 _12001#$aХристос Воскрес$aВоскресение Христово$f[муз.] Чайковскаго$g[к звукозаписи в целом:] исполн.: Духовн. хор И. И. Юхова
_1210##$aS. l.$cZonophone record$gО-во Граммофонъ съ огр. отв.$eРига$d[1911]
_1700#1$9z01790$aЧайковский$bП. И.$gПетр Ильич$f1840-1893$4230$7ca
_1702#1$9z01790$aЮхов$bИ. И.$gИван Иванович$f1871-1943$4250$7ca
_1702#1$9z02790$aГайсберг$bФ.$gФред$cинженер звукозаписи$f1873-1951$4670$7ca
_171202$aДуховный хоръ п/упр. И. И. Юхова$4590
_1790#1$9z01700$aČajkovskij$bP. I.$gPetr Il'ič$f1840-1893$4230$7ba
_1790#1$9z01702$aJuchov$bI. I.$gIvan Ivanovič$f1871-1943$4250$7ba
_1790#1$9z02702$aGaisberg$bF.$gFred$crecording engineer$f1873-1951$4670$7ba
_tВоскресение Христово
_aЧайковский, Петр Ильич (1840-1893)
606 1 _aЦерковная музыка русская
_z19 - 20 вв.
_jЗвукозапись
_2nlr_sh
606 1 _aЦерковное пение
_yРоссия
_jЗвукозапись
_2nlr_sh
606 1 _aХоровая музыка церковная
_yЗвукозапись
_z19-20 вв.
_jЗвукозапись
_2nlr_sh
_7ca
606 1 _aХоры церковные смешанные
_xИсполнители
_yРоссия
_z20 в.
_jЗвукозапись
_2nlr_sh
_7ca
686 _aЩ99(28)я43
700 1 _6z01790
_aСмоленский
_bС. В.
_f1848-1909
_gСтепан Васильевич
_4230
702 1 _6z02790
_aЮхов
_bИ. И.
_f1871-1943
_gИван Иванович
_4250
_7ca
702 1 _6z03790
_aГайсберг
_bФ.
_cинженер звукозаписи
_f1873-1951
_gФред
_4670
_7ca
702 1 _6z04790
_aКелли
_bА.
_f1928-2015
_gАлан
_4365
_7ca
712 0 2 _aДуховный хоръ п/упр. И. И. Юхова
_4590
790 1 _6z01700
_aSmolenskij
_bS. V.
_f1848-1909
_gStepan Vasil`evič
_4230
_7ba
790 1 _6z02702
_aJuchov
_bI. I.
_f1871-1943
_gIvan Ivanovič
_4250
_7ba
790 1 _6z03702
_aGaisberg
_bF.
_crecording engineer
_f1873-1951
_gFred
_4670
_7ba
790 1 _6z04702
_aKelly
_bA.
_f1928-2015
_gAlan
_4365
_7ca
801 0 _aRU
_bNLR
_c20180917
_gPSBO
801 1 _aRU
_bNLR
_c20180917
_2rusmarc
801 2 _aRU
_bNLR
_c20260401
852 _aNLR
_jМг 2к/743
_m44894
_t1
942 _cREC
980 _aONIZ
980 _aNB